| 000 | 00651cam a2200217 4500 | ||
|---|---|---|---|
| 001 | 45807 | ||
| 090 | _a45807 | ||
| 100 | _a19990108d1945 m y0pory50030103ba | ||
| 101 | 1 | _apor | |
| 102 | _aPT | ||
| 200 | 1 |
_aO caso estranho da "Victory Dock" _fWilliam Forster _gversão livre de Rui Santos |
|
| 210 | 9 |
_aLisboa _cRomano Torres, _d1945 |
|
| 215 |
_a185, [7] p. _d20 cm |
||
| 225 | 2 |
_aGrandes mistérios, grandes aventuras _v12 |
|
| 304 | _aTít. orig.: John Salter murder's | ||
| 317 | _aArquivo da Editora Romano Torres | ||
| 675 | _a821.111-31 | ||
| 700 | 1 |
_aForster, _bWilliam |
|
| 702 | 1 |
_92 _aSantos, _bRui, _ffl. 1933 _4010 |
|
| 801 | 0 |
_aPT _bBN _gRPC |
|
| 990 | _cLIVROS | ||